[Event "Ruhrgebiet Regionalliga 0708"]
[Site "Germany"]
[Date "2008.05.04"]
[Round "9.3"]
[White "Voge, Andreas"]
[Black "Georg, Heinz"]
[Result "1-0"]
[WhiteElo "2180"]
[BlackElo "2230"]
[PlyCount "55"]
[EventDate "2007.09.16"]
[EventType "team"]
[EventRounds "9"]
[EventCountry "GER"]
[SourceTitle "EXT 2009"]
[Source "ChessBase"]
[SourceDate "2008.11.26"]
[SourceVersion "1"]
[SourceVersionDate "2008.11.26"]
[SourceQuality "1"]
[WhiteTeam "Oberhausen"]
[BlackTeam "Kamen"]
[WhiteTeamCountry "GER"]
[BlackTeamCountry "GER"]

1. e4 e5 2. Nf3 Nf6 3. Nxe5 d6 4. Nf3 Nxe4 5. c4 Be7 6. d4 0-0 7. Bd3 d5 8. 0-0 c6 9. Re1 Bf5 10. cxd5 cxd5 11. Ne5 Nd7 12. Nxd7 Qxd7 13. f3 Nd6 14. Nc3 Bf6 15. Nxd5 Bxd4+ 16. Be3 Bxe3+ 17. Rxe3 Rfe8 18. Bxf5 Nxf5 19. Nf6+ gxf6 20. Qxd7 Nxe3 21. Re1 Rad8 22. Qxb7 Re6 23. Qxa7 Ng4 24. Qa5 Rd5 25. Qc3 Rd3 26. Rxe6 Rxc3 27. Re8+ Kg7 28. bxc3 1-0

[Event "Ruhrgebiet Regionalliga 0405"]
[Site "Ruhrgebiet"]
[Date "2004.11.14"]
[Round "3.4"]
[White "Becker, Marcel"]
[Black "Voge, Andreas"]
[Result "1-0"]
[WhiteElo "2217"]
[BlackElo "2063"]
[PlyCount "73"]
[EventDate "2004.09.19"]
[EventType "team"]
[EventRounds "9"]
[EventCountry "GER"]
[SourceTitle "EXT 2006"]
[Source "ChessBase"]
[SourceDate "2005.11.24"]
[SourceVersion "1"]
[SourceVersionDate "2005.11.24"]
[SourceQuality "1"]
[WhiteTeam "Muelheim Nord II"]
[BlackTeam "Oberhausen"]
[WhiteTeamCountry "GER"]
[BlackTeamCountry "GER"]

1. d4 d5 2. c4 Bf5 3. Nc3 e6 4. Nf3 c6 5. Qb3 Qc8 6. Bf4 Nf6 7. Rc1 Nbd7 8. e3 Be7 9. Be2 h6 10. cxd5 exd5 11. Nb5 0-0 12. Bd6 Qd8 13. Qa3 Re8 14. Bxe7 Qxe7 15. Nd6 Bg4 16. Nxe8 Qxe8 17. 0-0 Ne4 18. Qd3 Qe7 19. Nd2 Bf5 20. Nxe4 dxe4 21. Qd2 Qg5 22. Kh1 Re8 23. d5 cxd5 24. Qxd5 Ne5 25. Bb5 Re6 26. Rc8+ Kh7 27. Qd8 Qh5 28. Qh8+ Kg6 29. Rg8 Kg5 30. Rxg7+ Bg6 31. Qd8+ Rf6 32. Rd1 Nd3 33. Rxd3 exd3 34. f4+ Kf5 35. Bxd3+ Ke6 36. Bc4+ Kf5 37. Qd5+ 1-0

[Event "Goch op 15th"]
[Site "Goch"]
[Date "2004.10.02"]
[Round "4"]
[White "Stephan, Marcel"]
[Black "Voge, Andreas"]
[Result "0-1"]
[WhiteElo "1815"]
[BlackElo "2142"]
[PlyCount "67"]
[EventDate "2004.09.30"]
[EventType "swiss"]
[EventRounds "7"]
[EventCountry "GER"]
[SourceTitle "EXT 2006"]
[Source "ChessBase"]
[SourceDate "2005.11.24"]
[SourceVersion "1"]
[SourceVersionDate "2005.11.24"]
[SourceQuality "1"]

1. e4 c5 2. Nc3 g6 3. g3 Bg7 4. Bg2 e6 5. d3 Ne7 6. Be3 Qb6 7. Rb1 Nbc6 8. Nge2 0-0 9. Qd2 Rd8 10. Na4 Qa6 11. Nxc5 Qxa2 12. 0-0 Qa5 13. Nb3 Qxd2 14. Bxd2 b6 15. f4 Bb7 16. g4 f5 17. h3 Rac8 18. c3 Ba6 19. Nbc1 fxe4 20. Bxe4 Rf8 21. Ra1 Bb7 22. Be3 Bh6 23. Kh2 g5 24. Nb3 d5 25. Bg2 gxf4 26. Bxf4 Bg7 27. Bd6 Rxf1 28. Rxf1 Ba6 29. Nbc1 Ng6 30. Nf4 Nxf4 31. Bxf4 Rf8 32. Bd2 Ne5 33. Re1 Rf2 34. Re2 0-1